| 000 | 00594nam a22001817a 4500 | ||
|---|---|---|---|
| 005 | 20231109092016.0 | ||
| 008 | 231109b |||||||| |||| 00| 0 eng d | ||
| 020 | _a0702130753 | ||
| 041 | _aEnglish / Afrikaans | ||
| 082 | _a346.2 HAW | ||
| 100 |
_aHawthorne, L and Lotz, JG _lEnglish / Afrikaans |
||
| 245 |
_aContract Law Case Book for Students / _cL Hawthorne and JG Lotz |
||
| 250 | _aFirst Edition | ||
| 260 |
_aCape Town : _bJuta and Company Ltd, _c1994 |
||
| 300 |
_bxii, 291 pages ; _c25,5 cm. |
||
| 650 |
_aLegal practice _bLaw |
||
| 942 |
_cBK _6ALISON_BN_VRIES |
||
| 999 |
_c466 _d466 |
||